Schweissen und Schneiden 2001 : 15. Internationale Fachmesse. Fügen. Trennen. Beschichten mit Special Event QTI. Messekatalog. Essen, Germany, 12.-18. September 2001

Gespeichert in:
Bibliographische Detailangaben
Format: Buch
Sprache:Deutsch
Veröffentlicht: Düsseldorf : DVS, 2001
Schlagworte:
Tags: Tag hinzufügen
Keine Tags, Fügen Sie das erste Tag hinzu!

MARC

LEADER 00000nam a22000003a 4500
001 stu61361
005 20150408175622.4
008 011001s2001----gw------------------ger-d
040 |a STU  |b slo 
041 0 |a ger 
044 |a gw 
080 |a 621.9+621.791(082) 
245 |a Schweissen und Schneiden 2001 :  |b 15. Internationale Fachmesse. Fügen. Trennen. Beschichten mit Special Event QTI. Messekatalog. Essen, Germany, 12.-18. September 2001 
260 |a Düsseldorf :  |b DVS,  |c 2001 
300 |a 618 s 
650 7 |a rezanie  |2 stusub 
650 7 |a zváranie  |2 stusub 
996 |b 284M033316  |c M*Z-1868  |l MMKN  |s A  |a 24  |w stu61361_0001